松下幸之助の発想
Bewaard in:
| Hoofdauteur: | |
|---|---|
| Formaat: | Boek |
| Taal: | Undetermined |
| Gepubliceerd in: |
東京
学習研究社
1989
|
| Onderwerpen: | |
| Tags: |
Voeg label toe
Geen labels, Wees de eerste die dit record labelt!
|
| Thư viện lưu trữ: | Trung tâm Học liệu Trường Đại học Cần Thơ |
|---|
| LEADER | 00565nam a2200193Ia 4500 | ||
|---|---|---|---|
| 001 | CTU_91614 | ||
| 008 | 210402s9999 xx 000 0 und d | ||
| 082 | |a 338.8092 | ||
| 082 | |b W324 | ||
| 100 | |a 渡部昇一(わたなべ しょういち) | ||
| 245 | 0 | |a 松下幸之助の発想 | |
| 245 | 0 | |c 渡部昇一 | |
| 260 | |a 東京 | ||
| 260 | |b 学習研究社 | ||
| 260 | |c 1989 | ||
| 650 | |a Corporations,Corporations,Matsushita Konosuke,松下幸之助 | ||
| 650 | |z Japan | ||
| 904 | |i Ngoc | ||
| 980 | |a Trung tâm Học liệu Trường Đại học Cần Thơ | ||